| 000 | 00677nam a2200181Ia 4500 | ||
|---|---|---|---|
| 008 | 100920s9999 xx 000 0 und d | ||
| 082 |
_b44854 _a891.464 थ 81 |
||
| 100 | _aसंपादक-सामंत बाळ आणि मंत्री रमेश. | ||
| 245 | _aमुलखावेगळी माणसं. | ||
| 260 |
_bश्रीविद्या प्रकाशन, पुणे 30. _c1981 |
||
| 300 |
_a297 _bसाधी |
||
| 365 | _b35 | ||
| 520 | _aनिबंध. | ||
| 630 | _aमुलखावेगळी माणसं. | ||
| 650 | _aनिबंध. | ||
| 730 | _aमुलखावेगळी माणसं. | ||
| 942 | _cBOOK | ||
| 999 |
_c693381 _d693378 |
||